LEADER 01337nam a2200277 u 4500 001 000000116060 003 CaOOAMICUS 005 20090610102253.0 008 090610s2008 it a u000 udita r 020 $z978-88-6030-196-3* 040 $aPUL$bita$dLDB 100 1 $aGazzillo, Francesco.$0(OLS)http://pul/name/72064 245 10$aSua maestà Masud Khan :$bvita e opere di uno psicoanalista pakistano a Londra /$cFrancesco Gazzillo, Maura Silvestri. 260 $aMilano :$bRaffaello Cortina,$cc2008. 300 $axx, 212 p. :$bill. ;$c23 cm. 490 1 $aCollana di psicologia clinica e psicoterapia ;$v203 504 $aBibliografia : p. 199-209. 600 14$aKhan, Mohammed Masud Raza,$d1924-1989.$0(OLS)http://pul/subject/35449 700 1 $aSilvestri, Maura.$0(OLS)http://pul/name/72065 830 0$aCollana di psicologia clinica e psicoterapia ;$v203.$0(OLS)http://pul/title/12189 850 $aPUL 852 $aPUL$W1$xSL Filosofia 1$y2$m97 S 203$j132995$qStampati$B131996$CPULBib$Z2$F131996 $H110631 $82 941 1 $a8 996 $6020$z978-88-6030-196-3*$9(OLS)http://pul/number/141037 996 $6245$aSua maestà Masud Khan :$bvita e opere di uno psicoanalista pakistano a Londra$9(OLS)http://pul/title/145861 996 $6260$aMilano :$bRaffaello Cortina$9(OLS)http://pul/publisher/63509 LEADER 00908nam a2200229 a 4500 001 000000146838 003 CaOOAMICUS 005 20151027093345.0 008 151027s1944 nyu u000 u fre r 032 $aLibriCat 040 $aPUL$bita 100 1 $aMaritain, Raïssa,$d1883-1960.$0(OLS)http://pul/name/15184 245 14$aLes grandes amitiés :$bles aventures de la grâce /$cRaïssa Maritain. 260 $aNew York :$bÉditions de la Maison Française,$cc1944. 300 $a324 p. ;$c19 cm. 850 $aPUL 852 $aPUL$W1$xDP1 Religione 1$y20$m642 I 55$j169786$qStampati$B170564$CPULBib$Z2$F170564 $81 941 1 $a8 961 $aStemma di Pio XII sul piatto anteriore 996 $6245$aLes grandes amitiés :$bles aventures de la grâce$9(OLS)http://pul/title/185473 996 $6260$aNew York :$bÉditions de la Maison Française$9(OLS)http://pul/publisher/77876